| 000 | 01613cam a22002651 4500 | ||
|---|---|---|---|
| 001 | e 34000564 | ||
| 003 | DLC | ||
| 005 | 20260227111224.0 | ||
| 008 | 860902s1934 dcua b f000 0 eng c | ||
| 010 | _ae 34000564 | ||
| 035 | _a(OCoLC)14172301 | ||
| 040 |
_aLibrary, U.S. Office of Education _cMiD _dMiD _dOCoLC _dDLC |
||
| 042 | _apremarc | ||
| 050 | 0 | 0 |
_aLC1045 _b.A25 no. 174 |
| 100 | 1 |
_aProsser, Charles A. _q(Charles Allen), _d1871-1952. |
|
| 245 | 1 | 0 |
_aVocational education and changing conditions; _bchanging economic and social conditions and their effect upon vocational education ... 1934. _cUnited States Department of the Interior, Harold L. Ickes, secretary. Office of Education, George F. Zook, commissioner. |
| 260 |
_aWashington, _bU.S. Govt. Print. Off., _c1934. |
||
| 300 |
_av, 112 p. _bdiagrs. _c23 cm. |
||
| 410 | 1 | 0 |
_aUnited States. _bOffice of Education. _tVocational education bulletin _vno. 174. |
| 500 | _aThe inquiry on which this report is based was undertaken at the request of the American Vocational Association, by the Federal Board for Vocational Education. A committee from the association served in a cooperating and advisory capacity. Dr. C.A. Prosser prepared the present report. cf. Foreword. | ||
| 501 |
_aWith : Vocational teacher training in the industrial field / American Vocational Association. Committee on Trade and Industrial Teacher Training. Washington : Govt. Print. Off., 1934. Bound together subsequent to publication. _5DLC |
||
| 504 | _a"Notes and references": p. 91-112. | ||
| 650 | 0 | _aVocational education. | |
| 710 | 2 | _aAmerican Vocational Association. | |
| 999 |
_c21402 _d21402 |
||